00542nam a2200205Ia 4500003000400000005001700004008004100021020001800062040001800080041000800098082002000106100001700126245005600143250001200199260003500211300002800246650001700274650002300291650002200314OSt20260325105515.0210716s2011 xx 000 0 und d a9788184897562 cAIMIT LIBRARY aeng a511.3 22bVINJ aVince, John. aMathematics for computer graphics /cBy John Vince. a3st ed. aNew Delhi :bSpringer ,c2011. axv,293p. ;bPBc23.3 cm aTrigonometry aCurves and patches aGeometric algebra